书目信息 |
| 题名: |
李达文集
|
|
| 作者: | 李达 著 ;《李达文集》编辑组 编 | |
| 分册: | 第三卷 | |
| 出版信息: | 北京 人民出版社 1980.07 |
|
| 页数: | 896页 | |
| 开本: | 20cm | |
| 丛书名: | ||
| 单 册: | ||
| 中图分类: | C5 | |
| 科图分类: | ||
| 主题词: | 社会科学--丛书 , 社会科学--文集 , 社会科学--连续出版物 | |
| 电子资源: | ||
| ISBN: | ||
| 000 | 00699nam0 2200241 45 | |
| 001 | 0301100900 | |
| 005 | 20031217141146.3 | |
| 010 | @b精装@dCNY3.55 | |
| 091 | @a17001.112 | |
| 100 | @a20030110d1980 km y0chiy0120 ea | |
| 101 | 0 | @achi |
| 105 | @ac z 000yy | |
| 200 | 1 | @a李达文集@ALi Da Wen Ji@h第三卷@f李达著@FLi Da Zhu@g《李达文集》编辑组编 |
| 210 | @a北京@c人民出版社@d1980.07 | |
| 215 | @a896页@c照片@d20cm | |
| 606 | 0 | @a社会科学@x丛书 |
| 606 | 0 | @a社会科学@x文集 |
| 606 | 0 | @a社会科学@x连续出版物 |
| 690 | @aC5@v3 | |
| 701 | 0 | @a李达@4著 |
| 712 | 02 | @a《李达文集》编辑组@A《Li Da Wen Ji》Bian Ji Zu@4编 |
| 801 | @aCN@b唐山师范学院图书馆@c20030110 | |
| 905 | @dC5@e12:3@f1@b138633 | |
| 李达文集.第三卷/李达著/《李达文集》编辑组编.-北京:人民出版社,1980.07 |
| 896页:照片;20cm |
| ISBN (精装):CNY3.55 |
| ● |
| 相关链接 |
|
|
|
|
正题名:李达文集
索取号:C5/12:3
 
预约/预借
| 序号 | 登录号 | 条形码 | 馆藏地/架位号 | 状态 | 备注 |
| 1 | 0138632 | 001742476 | 密集书库/ [索取号:C5/12:3] | 在馆 | |
| 2 | 0138633 | 001592949 | 密集书库/ [索取号:C5/12:3] | 在馆 | |
| 3 | 0138634 | 001742582 | 密集书库/ [索取号:C5/12:3] | 在馆 |